Authors of Historic American Literature Quiz Stats

Quiz not verified by Sporcle

Challenge
Share
Tweet
Embed
Score 0/21 Timer 05:00
0 Plays Today
Story Author % Correct
The Adventures of Huckleberry Finn, ch. 14Mark Twain
93.2%
'The Road Not Taken'Robert Frost
84.2%
'Fire and Ice'Robert Frost
50%
'Mending Wall'Robert Frost
48.7%
'To Build a Fire'Jack London
44.9%
'The Story of an Hour'Kate Chopin
31.6%
'Dulce et Decorum Est'Wilfred Owen
31.2%
'The Yellow Wallpaper'Charlotte Perkins Gilman
29.9%
'Anthem for Doomed Youth'Wilfred Owen
23.9%
'Desert Places'Robert Frost
22.6%
'In Flanders Field'John McCrae
20.1%
Story Author % Correct
'A True Story'Mark Twain
18.8%
'The Death of the Ball Turret Gunner'Randall Jarrell
17.9%
Holocaust, 'Children'Charles Reznikoff
14.5%
The Promised LandMary Antin
13.7%
'Over There'George Cohen
13.7%
'Mrs. Spring Fragrance,' 'In the Land of the Free'Sui Sin Far/Edith Maude Eaton
13.2%
'Editha'William Dean Howells
13.2%
'The Body of an American'John Dos Passos
12%
'I Sit and Sew'Alice Dunbar-Nelson
11.1%
'Women on the Breadlines'Meridel Le Sueur
10.3%

You're not logged in!

Compare scores with friends on all Sporcle quizzes.
Join for Free
OR
Log In

You Might Also Like...

Show Comments

Extras

Top Quizzes Today


Score Distribution

Your Account Isn't Verified!

In order to create a playlist on Sporcle, you need to verify the email address you used during registration. Go to your Sporcle Settings to finish the process.

Report this User

Report this user for behavior that violates our Community Guidelines.

Details: